Top 5 players on every NFL team 2022-2023 - Statistics

General Stats
  • This quiz has been taken 978 times
  • The average score is 102 of 160
Answer Stats
Hint Answer % Correct
Giants RB Saquon Barkley
97%
Eagles WR AJ Brown
91%
Eagles C Jason Kelce
91%
Cardinals WR Hollywood Brown
90%
Chiefs TE Travis Kelce
90%
Lions WR Amon-ra St. Brown
89%
Cowboys CB Trevon Diggs
89%
Seahawks S Quandre Diggs
88%
Bills WR Stefon Diggs
88%
Cowboys QB Dak Prescott
87%
Bills QB | Jaguars LB Josh Allen
87%
Packers RB Aaron Jones
86%
Packers QB Aaron Rodgers
86%
Raiders LB Chandler Jones
86%
Chiefs DL Chris Jones
86%
Commanders DL Jonathan Allen
86%
Vikings WR Justin Jefferson
85%
Vikings RB Dalvin Cook
84%
Giants CB Adoree Jackson
83%
Steelers WR Diontae Johnson
83%
Broncos RB Javonte Williams
83%
Bears CB Jaylon Johnson
83%
Chargers CB JC Jackson
83%
Ravens QB Lamar Jackson
83%
Eagles RT Lane Johnson
83%
Giants DL Leonard Williams
83%
Jets DL Quinnen WIlliams
83%
49ers LT Trent WIlliams
83%
Panthers CB Dante Jackson
82%
Commanders WR Terry McLaurin
82%
49ers WR Deebo Samuel
81%
Cowboys LB Micah Parsons
81%
Bears LB Roquan Smith
81%
Dolphins WR Tyreek Hill
81%
Cowboys LT Tyron Smith
81%
Giants LT Andrew Thomas
80%
Bengals WR Jamaar Chase
80%
Bengals QB Joe Burrow
80%
Saints WR Michael Thomas
80%
Chiefs QB Patrick Mahomes
80%
Commanders WR Curtis Samuel
79%
Eagles CB Darius Slay
79%
Raiders WR Davante Adams
77%
Seahawks S Jamal Adams
77%
Dolphins WR Jaylen Waddle
77%
Bengals RB Joe Mixon
77%
Chargers QB Justin Herbert
77%
Ravens TE Mark Andrews
77%
Broncos QB Russell Wilson
77%
Cardinals WR Deandre Hopkins
76%
Buccaneers WR Mike Evans
76%
Browns RB Nick Chubb
76%
Buccaneers QB Tom Brady
76%
Vikings WR Adam Thielen
75%
Rams WR Cooper Kupp
75%
Titans RB Derrick Henry
75%
Ravens K Justin Tucker
75%
Cardinals QB Kyler Murray
75%
Rams QB Matt Stafford
75%
Jets CB Sauce Gardner
75%
Lions TE TJ Hockenson
75%
Steelers LB TJ Watt
75%
Patriots RB Damien Harris
74%
Seahawks WR DK Metcalf
74%
Rams CB Jalen Ramsey
74%
Raiders RB Josh Jacobs
74%
Steelers RB Najee Harris
74%
Cowboys RG Zach Martin
74%
Rams DL Aaron Donald
73%
Packers CB Jaire Alexander
73%
Saints RB Alvin Kamara
72%
49ers RB Christian McCaffrey
72%
Chargers LB Joey Bosa
72%
Colts RB Jonathan Taylor
72%
49ers DL Nick Bosa
72%
Browns WR Amari Cooper
71%
Bears RB David Montgomery
71%
Panthers WR DJ Moore
70%
Falcons TE Kyle Pitts
70%
Seahawks WR Tyler Lockett
70%
Browns DL Myles Garrett
69%
Jets RB Breece Hall
68%
Lions RB Deandre Swift
68%
Giants DL Dexter Lawrence
68%
Raiders TE Darren Waller
67%
Colts WR Michael Pittman Jr.
67%
Rams LB Bobby Wagner
66%
Steelers S Minkah Fitzpatrick
66%
Bills CB Tre White
66%
Broncos WR Courtland Sutton
65%
Chargers LB Khalil Mack
65%
Chargers S Derwin James
64%
Eagles DL Fletcher Cox
64%
Jaguars RB James Robinson
64%
Cardinals S Budda Baker
63%
Chiefs C Creed Humphrey
63%
Ravens CB Marlon Humphrey
63%
Broncos CB Patrick Surtain II
63%
Browns CB Denzel Ward
61%
49ers S Jimmie Ward
61%
Commanders DL Chase Young
60%
Steelers DL Cameron Heyward
59%
Falcons CB Casey Hayward Jr.
59%
Jaguars WR Christian Kirk
59%
Saints CB Marshon Lattimore
59%
Bears WR Darnell Mooney
58%
Colts LG Quenton Nelson
58%
Titans DL Jeffery Simmons
56%
Broncos S Justin Simmons
56%
Texans LT Laremy Tunsil
56%
Dolphins CB Xavien Howard
56%
Vikings DL Danielle Hunter
55%
Buccaneers DL Vita Vea
55%
Texans RB Dameon Pierce
54%
Saints DL Cameron Jordan
53%
Bengals S Jessie Bates
53%
Raiders LB Maxx Crosby
53%
Bengals DL Trey Hendrickson
53%
Texans WR Brandin Cooks
52%
Bills S Micah Hyde
52%
Lions RT Penei Sewell
52%
Buccaneers RT Tristan Wirfs
52%
Colts DL Deforest Buckner
51%
Saints S Tyrann Mathieu
51%
Falcons CB AJ Terrell Jr.
50%
Patriots LB Matthew Judon
50%
Colts LB Shaquille Leonard
50%
Buccaneers LB Lavonte David
49%
Bills LB Von Miller
49%
Panthers DL Brian Burns
48%
Falcons RB Cordarrelle Patterson
48%
Packers OL David Bakhtiari
48%
Lions C Frank Ragnow
48%
Titans S Kevin Byard
48%
Dolphins LT Terron Armstead
42%
Vikings LB Eric Kendricks
39%
Texans CB Derek Stingley Jr.
38%
Panthers CB Jaycee Horn
38%
Titans WR Robert Woods
38%
Patriots S Devin Mccourty
34%
Falcons DL Grady Jarrett
34%
Ravens LT Ronnie Stanley
33%
Packers LB Devondre Campbell
31%
Jets CB DJ Reed
31%
Chiefs S Justin Reid
31%
Browns LG Myles Teller
29%
Dolphins S Jevon Holland
23%
Jaguars RG Brandon Scherff
22%
Panthers S Jeremy Chinn
22%
Cardinals C Rodney Hudson
21%
Patriots S Kyle Dugger
18%
Bears LB Robert Quinn
18%
Seahawks LB Jordyn Brooks
16%
Jaguars CB Shaquil Griffin
16%
Titans S Amani Hooker
10%
Commanders S Kameron Kurl
8%
Jets DL Carl Lawson
7%
Patriots OL Mike Onwenu
7%
Texans LB Christian Kirksey
5%
No matching quizzes found
Score Distribution
Percent of People with Each Score
Percentile by Number Answered
Your Score History
You have not taken this quiz